| 000 | 00701nam a2200181 a 4500 | ||
|---|---|---|---|
| 001 | 000031842 | ||
| 005 | 20200930063225.0 | ||
| 008 | 110526s1973 dr 000 | spa d | ||
| 040 |
_aDO-SdBNP _bspa _cBNPHU |
||
| 082 |
_axxx _bH519p |
||
| 100 | 1 |
_aHenríquez V., Francisco A. _958045 |
|
| 245 | 1 | 0 |
_aLos primeros esclavos negros y rebeldes cimarrones en la Española / _cFrancisco A. Henríquez V. |
| 260 |
_aSanto Domingo : _bUniversidad Autónoma de Santo Domingo, _c1973. |
||
| 300 |
_a21 p. ; _c28 cm. |
||
| 500 | _aI coloquio sobre la presencia de África en las Antillas y en el Caribe del 26 de julio al 4 de agosto de 1973. | ||
| 500 | _aIncluye referencias bibliográficas. | ||
| 049 | _aBNPD | ||
| 999 |
_c31334 _d31334 |
||